| 000 | 00699nam a2200241Ia 4500 | ||
|---|---|---|---|
| 003 | OSt | ||
| 005 | 20220926012932.0 | ||
| 006 | a|||||r|||| 00| 0 | ||
| 007 | ta | ||
| 008 | 220923b |||||||| |||| 00| 0 eng d | ||
| 037 | _cGeneral Book | ||
| 040 |
_aRTL _cRTL _beng |
||
| 041 |
_2eng _aeng |
||
| 082 | _aX:8H, L9 | ||
| 100 |
_aIstvan Donald F _9317599 |
||
| 245 | 0 | _aAccounting principles | |
| 260 |
_aNew York _bHarcourt Brace jovanovich U S A _c1979 |
||
| 300 |
_axxi, 1095p. Glossary p1009-22 _ccm. |
||
| 650 |
_aAccounting _9151506 |
||
| 700 |
_a Avert Clarence G _9317600 |
||
| 942 |
_hX:8H, L9 _cGB _2CC |
||
| 999 |
_c624758 _d624758 |
||